Top Scorers with more than 30 goals - Statistics

General Stats
  • This quiz has been taken 115 times
    72 since last reset
  • The average score is 40 of 73
Answer Stats
League Season Club Answer Goals % Correct
Premier League/ First Division 07/08 Man United Christiano Ronaldo 31
97%
La Liga 14/15 Real Madrid Christiano Ronaldo 48
97%
La Liga 13/14 Real Madrid Christiano Ronaldo 31
97%
La Liga 10/11 Real Madrid Christiano Ronaldo 40
97%
La Liga 96/97 Barcelona Ronaldo 34
97%
Premier League/ First Division 22/23 Man City Erling Haaland 36
95%
Bundesliga 23/24 Bayern Harry Kane 36
95%
La Liga 20/21 Barcelona Lionel Messi 30
95%
La Liga 18/19 Barcelona Lionel Messi 36
95%
La Liga 17/18 Barcelona Lionel Messi 34
95%
La Liga 16/17 Barcelona Lionel Messi 37
95%
La Liga 12/13 Barcelona Lionel Messi 46
95%
La Liga 11/12 Barcelona Lionel Messi 50
95%
La Liga 09/10 Barcelona Lionel Messi 34
95%
Premier League/ First Division 13/14 Liverpool Luis Suarez 31
95%
La Liga 15/16 Barcelona Luis Suarez 40
95%
Premier League/ First Division 17/18 Liverpool Mohammed Salah 32
95%
Bundesliga 21/22 Bayern Robert Lewandowski 35
94%
Bundesliga 20/21 Bayern Robert Lewandowski 41
94%
Bundesliga 19/20 Bayern Robert Lewandowski 34
94%
Bundesliga 15/16 Bayern Robert Lewandowski 30
94%
Ligue 1 18/19 PSG Kylian Mbappe 33
92%
Bundesliga 76/77 Cologne Dieter Müller 34
87%
Bundesliga 73/74 Bayern Gerd Müller 30
87%
Bundesliga 72/73 Bayern Gerd Müller 36
87%
Bundesliga 71/72 Bayern Gerd Müller 40
87%
Bundesliga 69/70 Bayern Gerd Müller 38
87%
Premier League/ First Division 03/04 Arsenal Thierry Henry 30
87%
Ligue 1 16/17 PSG Edison Cavani 35
85%
Ligue 1 15/16 PSG Zlatan Ibrahimovic 38
85%
Ligue 1 12/13 PSG Zlatan Ibrahimovic 30
85%
Serie A 19/20 Lazio Ciro Immobile 36
84%
Premier League/ First Division 11/12 Arsenal Robin van Persie 30
79%
Premier League/ First Division 95/96 Blackburn Alan Shearer 31
77%
Premier League/ First Division 94/95 Blackburn Alan Shearer 34
77%
Bundesliga 16/17 BVB Pierre-Emerick Aubameyang 31
77%
Serie A 15/16 Napoli Gonzalo Higuain 36
66%
La Liga 56/57 Real Madrid Alfredo di Stefano 31
65%
La Liga 08/09 Atletico Madrid Diego Forlan 32
58%
Premier League/ First Division 85/86 Everton Gary Lineker 30
53%
Premier League/ First Division 83/84 Liverpool Ian Rush 32
53%
La Liga 89/90 Real Madrid Hugo Sanchez 38
50%
La Liga 86/87 Real Madrid Hugo Sanchez 34
50%
Ligue 1 89/90 Marseille Jean-Pierre Papin 30
50%
La Liga 93/94 Barcelona Romario 30
47%
Serie A 05/06 Fiorentina Luca Toni 31
40%
Premier League/ First Division 93/94 Newcastle Andy Cole 34
34%
Bundesliga 63/64 HSV Uwe Seeler 30
32%
Ligue 1 57/58 Reims Just Fontaine 34
29%
Premier League/ First Division 99/00 Sunderland Kevin Phillips 30
26%
Bundesliga 73/74 Gladbach Jupp Heynckes 30
23%
Serie A 50/51 AC Milan Gunnar Nordahl 34
16%
Serie A 49/50 AC Milan Gunnar Nordahl 35
16%
Premier League/ First Division 86/87 Tottenham Clive Allen 33
8%
Bundesliga 65/66 BVB Lothar Emmerich 31
8%
La Liga 50/51 Bilbao Telmo Zarra 38
8%
La Liga 95/96 Teneriffa Juan Pizzi 31
6%
Serie A 58/59 Inter Antonio Angelillo 33
3%
Premier League/ First Division 77/78 Everton Bob Latchford 30
3%
Ligue 1 77/78 PSG Carlos Bianchi 37
3%
Ligue 1 75/76 Reims Carlos Bianchi 34
3%
Ligue 1 73/74 Reims Carlos Bianchi 30
3%
Premier League/ First Division 71/72 ManCity Francis Lee 33
3%
Ligue 1 71/72 Marseille Josip Skoblar 30
3%
Ligue 1 70/71 Marseille Josip Skoblar 44
3%
Ligue 1 52/53 Marseille Gunnar Andersson 35
2%
Ligue 1 51/52 Marseille Gunnar Andersson 31
2%
Premier League/ First Division 66/67 Southampton Ron Davies 37
2%
Ligue 1 58/59 Racing Club Thadee Cisowski 30
2%
Ligue 1 56/57 Racing Club Thadee Cisowski 33
2%
Ligue 1 55/56 Racing Club Thadee Cisowski 31
2%
Serie A 51/52 Juve John Hansen 30
0%
Ligue 1 65/66 Nantes Philippe Gondet 36
0%
No matching quizzes found
Score Distribution
Percent of People with Each Score
Percentile by Number Answered
Your Score History
You have not taken this quiz since the last reset